01003cam a22002655a 4500001001000000003000400010005001700014008004100031020002500072040003600097082002300133245010200156260005200258300002900310500002400339504004100363650004400404650004400448651001000492653002100502700003300523942000800556999001700564952015600581016814256OSt20160721134319.0140804s2014 nyu frb 001 0 eng d a9781107438583 (pbk.) aStDuBDSbengcStDuBDSdEG-ScBUE04222a346.41022bCOM00aCommercial contract law :btransatlantic perspectives /cedited by Larry A. DiMatteo ... [et al.] aNew York :bCambridge University Press, c2014. axxviii, 594 p. ;c23 cm. aIndex : p. 581-594. aIncludes bibliographical references. 7aContractszGreat Britain.2BUEsh940386 7aContractszUnited States.2BUEsh940387 2BUEsh bLLAAWWcJuly20161 aDiMatteo, Larry A.,eeditor. 2ddc c22000d21972 00102ddc40708BaccahaMAINbMAINc1STd2016-07-21ePurchaseg392.00h26080l1o346.41022 COMp000032978r2025-07-15 00:00:00s2016-08-02v490.00yBB